000 00811nam a2200241 a 4500
001 BRCA_4351
005 20190320204634.0
008 300410s1947----mx-a######---#000-0#spa-#
041 _aspa
044 _amx
050 4 _aQ23
_b.M46 5 1947
245 1 0 _aMemorias y revista de la Academia Nacional de Ciencias
_b(Antigua Sociedad Científica Antonio Alzate).
260 _aMéxico
_bAcademia Nacional de Ciencias
_c1947
300 _a119 p.
_bil.
_c24 cm.
500 _aTomo 56, Núm. 1, 1947
500 _aRevista inventariada por Banco de México como libro
500 _aVer también AA19, C30, H31, H56, Q142, Q143, Q144, S126, X9 y X39
500 _aQ141
650 1 4 _aCiencia
_vPublicaciones periódicas
_910791
710 2 _aAcademia Nacional de Ciencias
_910792
902 _aGFM
942 _2lcc
_cB
999 _c4062
_d4062